000 00362 a2200109 4500
001 ART_9995
005 20260410161839.0
008 260409a
245 1 0 _aLa contabilidad como medio de información y control del resultado
100 1 _aWajchman, Mauricio
773 0 _tContabilidad y administración
_g- Año 7, Nº 77 (nov. 1983)
_wREV5485
999 _c23944
_d23944